| 000 | 00578nam a2200217 a 4500 | ||
|---|---|---|---|
| 005 | 20210219152824.0 | ||
| 008 | 991125n 000 0 spa u | ||
| 035 | _aUPN01000062337 | ||
| 100 | 1 | _aGenovés, Santiago, 1923- | |
| 222 | 0 | _aAVANCE Y PERSPECTIVA | |
| 245 | 0 | 0 | _aA propósito del SNI : ayudar es la palabra |
| 260 | _aDistrito Federal, México | ||
| 300 | _a25-28 | ||
| 362 | 0 | _a1993 Vol. 12, ene.-feb. | |
| 653 | 0 | _aINVESTIGACION CIENTIFICA | |
| 653 | 0 | _aINVESTIGADORES | |
| 653 | 0 | _aMEXICO | |
| 653 | 0 | _aSNI | |
| 904 |
_aAC _b000148 |
||
| 905 | _aArticulo | ||
| 999 |
_c61663 _d61663 |
||